Best Player on Every NBA Team 2024-25 - Statistics

General Stats
  • This quiz has been taken 84 times
  • The average score is 22 of 30
Answer Stats
Team Player % Correct
Celtics Jayson Tatum
96%
Hawks Trae Young
96%
Warriors Stephen Curry
93%
Lakers LeBron James
91%
Nuggets Nikola Jokic
90%
Bucks Giannis Antetokounmpo
88%
Thunder Shai Gilgeous-Alexander
88%
Timberwolves Anthony Edwards
85%
Cavaliers Donovan Mitchell
84%
Grizzlies Ja Morant
84%
Suns Kevin Durant
84%
Knicks Jalen Brunson
82%
Pacers Tyrese Haliburton
79%
Clippers James Harden
78%
Pistons Cade Cunningham
76%
Mavericks Kyrie Irving
75%
Magic Paolo Banchero
75%
76ers Tyrese Maxey
72%
Heat Bam Adebayo
71%
Rockets Alperen Sengun
69%
Kings Domantas Sabonis
66%
Raptors Scottie Barnes
63%
Bulls Josh Giddey
56%
Wizards Jordan Poole
54%
Hornets Miles Bridges
54%
Trailblazers Anfernee Simons
51%
Nets Cameron Johnson
47%
Pelicans CJ McCollum
44%
Jazz Collin Sexton
38%
Spurs Devin Vassell
31%
No matching quizzes found
Score Distribution
Percent of People with Each Score
Percentile by Number Answered
Your Score History
You have not taken this quiz